000
00274nam a22001097a 4500
999
_c
9446
_d
9446
003
OSt
008
201207b ||||| |||| 00| 0 eng d
245
_a
Journal of The Indian Institute of Science
260
_a
Banglore
_b
IISC Press
650
_a
Applied Science
942
_2
ddc
_c
BV